00826nam a2200265Ia 4500003000900000008004100009040001300050040001300063041000800076100002100084100001000105245009900115250001200214260000800226260000900234300001100243300001000254490003200264490000600296700001700302700002100319942000700340999001700347952019600364IT-RoPAU120407s9999 xx 000 0 und d aIT-RoPAU cIT-RoPAU aita aLorenzo Dattrino ccoll. aLa spiritualità dei Padri. II e V secolo. Martirio- Verginità- gnosi cristiana . nuova ed. aBologna aEDB c1984 a229 p. c22 cm aStoria della spiritualità v3 aLouis Bouyer aLorenzo Dattrino cBK c29555d29555 00102ddc406248_23000000000000071aPAULUSbPAULUSd2012-04-11l0o248.23r2012-04-11 00:00:00w2012-04-11yBKzInserito da: Mario In data: 06 agosto 2011 fondo: Via A.Severo 56 Progr:21869